ՀՀ Գիտությունների ազգային ակադեմիայի հիմնարար գիտական գրադարան  =   Fundamental Scientific Library of NAS RA

Проблемы и пути повышения производительности труда на основе комплексной автоматизации и механизации сокращения ручных работ в свете требований XXVI съезда партии, ноябрьского (1982 г.) и июньского (1983 г.) Пленумов ЦК КПСС : (Record no. 289155)

MARC details
000 -LEADER
fixed length control field 01086nam a2200181 u 4500
001 - CONTROL NUMBER
control field 000792720
003 - CONTROL NUMBER IDENTIFIER
control field AM-YeHGA
005 - DATE AND TIME OF LATEST TRANSACTION
control field 20250617144155.0
008 - FIXED-LENGTH DATA ELEMENTS--GENERAL INFORMATION
fixed length control field 110302s1983 ||| r 000 0 rus d
040 ## - CATALOGING SOURCE
Original cataloging agency AM-YeHGA
041 0# - LANGUAGE CODE
Language code of text/sound track or separate title rus
090 ## - LOCALLY ASSIGNED LC-TYPE CALL NUMBER (OCLC); LOCAL CALL NUMBER (RLIN)
-- 290828
245 00 - TITLE STATEMENT
Title Проблемы и пути повышения производительности труда на основе комплексной автоматизации и механизации сокращения ручных работ в свете требований XXVI съезда партии, ноябрьского (1982 г.) и июньского (1983 г.) Пленумов ЦК КПСС :
Remainder of title (Тезисы докладов на областной научно-практической конференции).
260 ## - PUBLICATION, DISTRIBUTION, ETC.
Place of publication, distribution, etc. Владимир :
Name of publisher, distributor, etc. Б. и.,
Date of publication, distribution, etc. 1983.
300 ## - PHYSICAL DESCRIPTION
Extent 144 с.
550 ## - ISSUING BODY NOTE
Issuing body note Владимир. обком КПСС, Владимир. горком КПСС
653 0# - INDEX TERM--UNCONTROLLED
Uncontrolled term Производительность труда в промышленности - Тезисы докладов
Holdings
Withdrawn status Lost status Damaged status Not for loan Collection Home library Current library Date acquired Total checkouts Full call number Barcode Date last seen Price effective from Koha item type Public note
        General Fundamental Scientific Library Fundamental Scientific Library 29/12/2016   PII/524351 FL0183234 29/12/2016 29/12/2016 Գրքեր / Books 30 Days Loan


ՀՀ ԳԱԱ հիմնարար գիտական գրադարան
ՀՀ,Երևան 0019
Մարշալ Բաղրամյան 24/6
հեռախոս:(374-10) 52-47-50
Հետադարձ կապ

All site content, except where otherwise noted, is licensed under a
Creative Commons License